Adele songs by album - Estadísticas

Estadísticas generales
  • Esta prueba ha sido intentada 60 veces
  • La puntuación promedio es 23 de 36
Estadísticas de respuestas
Pregunta Azulejo Select % Correcto
21 Someone Like You
82%
25 Best for Last No
80%
21 Can I Get It No
80%
19 Chasing Pavements
80%
21 Rolling in the Deep
80%
21 Set Fire to the Rain
78%
25 Tired No
78%
19 Don’t You Remember No
76%
19 Make You Feel My Love
76%
30 River Lea No
76%
25 Hello
71%
19 Hold On No
71%
25 Oh My God No
71%
25 Woman Like Me No
71%
21 Easy On Me No
69%
30 Easy On Me
69%
30 Lovesong No
69%
25 When We Were Young
69%
25 Send My Love (To Your New Lover)
67%
19 Skyfall No
67%
19 Turning Tables No
65%
30 I Drink Wine
63%
30 Rolling in the Deep No
63%
30 Love In The Dark No
61%
21 Take It All No
59%
30 Oh My God
57%
21 I’ll Be Waiting No
55%
25 Water Under the Bridge
55%
30 Love Is A Game
51%
21 Rumour Has It
51%
30 To Be Loved
51%
19 My Same
47%
19 Right As Rain
47%
19 Daydreamer
45%
25 Million Years Ago
45%
21 One And Only
35%
No se encontraron pruebas coincidentes
Distribución de puntuación
Porcentaje de gente con cada puntuación
Porcentaje por número respondido
Historial de tus puntuaciones
No has intentado esta prueba.